000 01008cpcaa2200289 4500
001 mm 79000978
003 DLC
005 20260227111633.0
008 790413|||||||||||| eng
010 _amm 79000978
040 _aDLC
_cDLC
_edacs
_dDLC
072 7 _aL
_2lcmd
100 1 _aCurtis, George William,
_d1824-1892.
245 0 0 _aGeorge William Curtis correspondence and essay,
_f1865-1881.
300 _a5
_fitems.
506 0 _aOpen to research.
545 0 _aEditor, educator, and reformer.
546 _aCollection material in English.
580 _aForms part of: Miscellaneous Manuscripts collection.
656 7 _aEditors.
_2itoamc
656 7 _aEducators.
_2itoamc
656 7 _aReformers.
_2itoamc
999 _c40578
_d40578